[Event "Gibtelecom AmatWk1 7th"]
[Site "Gibraltar"]
[Date "2009.01.29"]
[Round "3.14"]
[White "Feeney, James"]
[Black "Cox, Marian"]
[Result "0-1"]
[WhiteElo "1080"]
[BlackElo "1192"]
[PlyCount "84"]
[EventDate "2009.01.27"]
[EventType "swiss"]
[EventRounds "5"]
[EventCountry "GGB"]
[SourceTitle "BritBase"]
[Source "www.saund.co.uk"]
[SourceDate "2018.02.10"]
[SourceVersion "1"]
[SourceVersionDate "2018.02.10"]
[SourceQuality "1"]

1. f4 d5 2. e3 c5 3. Nf3 Nc6 4. Bb5 Bd7 5. O-O e6 6. b3 Nf6 7. Bb2 Qc7 8. d3
Be7 9. Nbd2 O-O 10. Bxc6 Bxc6 11. Ne5 Rad8 12. Qe1 b5 13. h3 h6 14. g4 Be8 15.
Qg3 Nh7 16. h4 f6 17. Nef3 g5 18. Qh2 gxf4 19. Qxf4 Qxf4 20. exf4 Bd6 21. Nh2
e5 22. fxe5 Bxe5 23. Bxe5 fxe5 24. Rxf8+ Kxf8 25. Rf1+ Ke7 26. Ndf3 e4 27. Re1
Bc6 28. Ne5 Bb7 29. dxe4 dxe4 30. Nf1 Kf6 31. g5+ Kxe5 32. g6 Nf6 33. Ng3 Rd2
34. Re2 Rxe2 35. Nxe2 Kf5 36. g7 Kg6 37. Kf2 Kxg7 38. Ke3 Kg6 39. Kf2 Kf5 40.
Kg2 Kg4 41. Kf2 Nd5 42. a3 a5 0-1

[Event "Gibtelecom AmatWk1 7th"]
[Site "Gibraltar"]
[Date "2009.01.29"]
[Round "3.15"]
[White "Escandell Atienza, Santiago"]
[Black "Cox, Reginald"]
[Result "1-0"]
[WhiteElo "1485"]
[BlackElo "1088"]
[PlyCount "65"]
[EventDate "2009.01.27"]
[EventType "swiss"]
[EventRounds "5"]
[EventCountry "GGB"]
[SourceTitle "BritBase"]
[Source "www.saund.co.uk"]
[SourceDate "2018.02.10"]
[SourceVersion "1"]
[SourceVersionDate "2018.02.10"]
[SourceQuality "1"]

1. e4 c5 2. Nf3 Nc6 3. Bb5 a6 4. Bxc6 bxc6 5. O-O e6 6. e5 d5 7. exd6 Bxd6 8.
Re1 Nf6 9. d3 h6 10. Bd2 Rb8 11. Bc3 O-O 12. Nbd2 Re8 13. Nc4 Bc7 14. Qd2 Nd5
15. Nfe5 Bxe5 16. Bxe5 Rb6 17. Nxb6 Qxb6 18. c4 Ne7 19. Re4 Nf5 20. Rg4 Kh7 21.
Re1 Rg8 22. Qf4 Qd8 23. Qe4 Bd7 24. Re3 g6 25. Rh3 h5 26. Qf4 Qa5 27. Qc1 Nd4
28. Kf1 Qxa2 29. Qd1 a5 30. Rg5 Be8 31. Rgxh5+ gxh5 32. Rxh5+ Kg6 33. Qg4# 1-0

[Event "Gibtelecom AmatWk1 7th"]
[Site "Gibraltar"]
[Date "2009.01.29"]
[Round "3.16"]
[White "Badillo Garcia, Aztlan"]
[Black "Benson, Nicola"]
[Result "1-0"]
[WhiteElo "1383"]
[BlackElo "813"]
[PlyCount "113"]
[EventDate "2009.01.27"]
[EventType "swiss"]
[EventRounds "5"]
[EventCountry "GGB"]
[SourceTitle "BritBase"]
[Source "www.saund.co.uk"]
[SourceDate "2018.02.10"]
[SourceVersion "1"]
[SourceVersionDate "2018.02.10"]
[SourceQuality "1"]

1. e4 d5 2. exd5 Nf6 3. d4 Nxd5 4. Bc4 Nb6 5. Bb3 g6 6. Nf3 Bg7 7. Bf4 O-O 8.
h3 Nc6 9. c3 Re8 10. O-O e5 11. dxe5 Qxd1 12. Rxd1 Nxe5 13. Nxe5 Bxe5 14. Bxe5
Rxe5 15. Rd8+ Kg7 16. Nd2 a5 17. Nf3 Re2 18. Ng5 Be6 19. Rxa8 Nxa8 20. Bxe6
fxe6 21. b3 e5 22. a3 Rc2 23. c4 Rc3 24. Rb1 c6 25. f3 Nc7 26. Kf2 Na6 27. Ne4
Rc2+ 28. Kg3 Ra2 29. a4 Nb4 30. Nc5 b6 31. Nd7 Re2 32. Nxb6 Nd3 33. Nd7 Nf4 34.
Nxe5 Nxg2 35. Nxc6 Ne3 36. Rh1 Nf5+ 37. Kf4 Kf6 38. h4 h5 39. Rd1 Re6 40. Nxa5
Nxh4 41. Kg3 Nf5+ 42. Kf2 Kg5 43. b4 Kf4 44. Rd3 h4 45. Kg2 g5 46. Kh3 Re3 47.
Rxe3 Nxe3 48. Nc6 Kxf3 49. Ne5+ Kf4 50. Nd3+ Kf3 51. c5 Nf5 52. Ne5+ Kf4 53.
Ng4 Nd4 54. b5 Ke4 55. c6 Ne6 56. b6 Nc5 57. c7 1-0

[Event "Gibtelecom AmatWk1 7th"]
[Site "Gibraltar"]
[Date "2009.01.29"]
[Round "3.17"]
[White "Stoop, Michael"]
[Black "Randall, David C"]
[Result "0-1"]
[WhiteElo "1080"]
[BlackElo "1576"]
[PlyCount "68"]
[EventDate "2009.01.27"]
[EventType "swiss"]
[EventRounds "5"]
[EventCountry "GGB"]
[SourceTitle "BritBase"]
[Source "www.saund.co.uk"]
[SourceDate "2018.02.10"]
[SourceVersion "1"]
[SourceVersionDate "2018.02.10"]
[SourceQuality "1"]

1. d4 Nf6 2. Nf3 d5 3. e3 Bf5 4. c4 c6 5. cxd5 Nxd5 6. Qb3 Qb6 7. Nbd2 Qxb3 8.
Nxb3 Nb4 9. Kd2 Nc2 10. Rb1 Nxe3 11. Bd3 Bxd3 12. Kxd3 Nf5 13. Re1 Nd7 14. Ke2
e6 15. Kf1 Bb4 16. Bd2 Bxd2 17. Nbxd2 O-O 18. Ne5 Nb6 19. Ndf3 Rad8 20. Rbd1 h6
21. b3 Nd5 22. g4 Nfe7 23. h4 g6 24. Nd2 Nc3 25. Ra1 Rxd4 26. Ndf3 Rd6 27. Re3
Nb5 28. Rae1 Rfd8 29. R1e2 Rd1+ 30. Ne1 Kf8 31. f4 Nd5 32. Rf3 Nd4 33. Rd3 Rxd3
34. N1xd3 Nxe2 0-1

[Event "Gibtelecom AmatWk1 7th"]
[Site "Gibraltar"]
[Date "2009.01.29"]
[Round "3.18"]
[White "McLeod, Paul"]
[Black "Vargas Salgado, Raul"]
[Result "1-0"]
[WhiteElo "1200"]
[BlackElo "1156"]
[PlyCount "55"]
[EventDate "2009.01.27"]
[EventType "swiss"]
[EventRounds "5"]
[EventCountry "GGB"]
[SourceTitle "BritBase"]
[Source "www.saund.co.uk"]
[SourceDate "2018.02.10"]
[SourceVersion "1"]
[SourceVersionDate "2018.02.10"]
[SourceQuality "1"]

1. c4 e5 2. Nc3 Nf6 3. Nf3 Nc6 4. e4 Bb4 5. Qc2 Bxc3 6. bxc3 d6 7. h3 Be6 8.
Bb2 O-O 9. d4 Bd7 10. d5 Ne7 11. Bd3 Ng6 12. g3 Qe8 13. Qd2 Ba4 14. Ba3 a6 15.
c5 Qd7 16. c4 a5 17. Bc2 Bxc2 18. Qxc2 Rac8 19. cxd6 cxd6 20. Rc1 b6 21. Nd2
Rc7 22. Qb3 Rfc8 23. Qxb6 Nxe4 24. Nxe4 Rxc4 25. Rxc4 Rxc4 26. Nxd6 Nf8 27.
Nxc4 Qxd5 28. O-O 1-0

[Event "Gibtelecom AmatWk1 7th"]
[Site "Gibraltar"]
[Date "2009.01.30"]
[Round "4.1"]
[White "Wright, Jonathan"]
[Black "Kuenitz, Klaus"]
[Result "1/2-1/2"]
[WhiteElo "1696"]
[BlackElo "1663"]
[PlyCount "28"]
[EventDate "2009.01.27"]
[EventType "swiss"]
[EventRounds "5"]
[EventCountry "GGB"]
[SourceTitle "BritBase"]
[Source "www.saund.co.uk"]
[SourceDate "2018.02.10"]
[SourceVersion "1"]
[SourceVersionDate "2018.02.10"]
[SourceQuality "1"]

1. e4 e6 2. d4 d5 3. Nd2 dxe4 4. Nxe4 Nd7 5. Nf3 Ngf6 6. Nxf6+ Nxf6 7. Ne5 Be7
8. Bd3 O-O 9. O-O c5 10. dxc5 Bxc5 11. Bg5 Be7 12. Qf3 Qd5 13. Qh3 h6 14. Bf4
Qd4 1/2-1/2

[Event "Gibtelecom AmatWk1 7th"]
[Site "Gibraltar"]
[Date "2009.01.30"]
[Round "4.2"]
[White "Barros Campoy, Jose Manuel"]
[Black "Naldrett, Geoffrey William"]
[Result "0-1"]
[WhiteElo "1840"]
[BlackElo "1600"]
[PlyCount "102"]
[EventDate "2009.01.27"]
[EventType "swiss"]
[EventRounds "5"]
[EventCountry "GGB"]
[SourceTitle "BritBase"]
[Source "www.saund.co.uk"]
[SourceDate "2018.02.10"]
[SourceVersion "1"]
[SourceVersionDate "2018.02.10"]
[SourceQuality "1"]

1. d4 Nf6 2. Bg5 e6 3. e3 Be7 4. Nd2 c5 5. Bxf6 Bxf6 6. c3 b6 7. dxc5 bxc5 8.
Ne4 Be7 9. Nd6+ Bxd6 10. Qxd6 Qb6 11. O-O-O Qxd6 12. Rxd6 Ke7 13. Rd1 d5 14.
Nf3 Nd7 15. Bb5 f6 16. Bxd7 Bxd7 17. Rd2 Bc6 18. Rhd1 Rhd8 19. Ne1 Rac8 20. Kb1
Bb5 21. b3 a6 22. Kb2 Bc6 23. Nd3 Bb5 24. Ne1 a5 25. Nc2 Bc6 26. b4 axb4 27.
cxb4 Ba4 28. bxc5 Rxc5 29. Rc1 Rb8+ 30. Ka1 Rbc8 31. Kb1 Kd6 32. e4 Bxc2+ 33.
Rdxc2 Rxc2 34. Rxc2 Rxc2 35. Kxc2 dxe4 36. Kd2 g5 37. Ke3 f5 38. f4 g4 39. g3
Kc5 40. Kd2 Kb4 41. Kc2 Ka3 42. Kc3 Kxa2 43. Kd4 Kb2 44. Kc4 Kc2 45. Kd4 Kd2
46. Ke5 e3 47. Kxe6 e2 48. Kxf5 e1=Q 49. Kxg4 Qe2+ 50. Kg5 Qxh2 51. g4 Ke3 0-1

[Event "Gibtelecom AmatWk1 7th"]
[Site "Gibraltar"]
[Date "2009.01.30"]
[Round "4.3"]
[White "Gates, David A"]
[Black "Flanagan, Samuel"]
[Result "0-1"]
[WhiteElo "1738"]
[BlackElo "1650"]
[PlyCount "74"]
[EventDate "2009.01.27"]
[EventType "swiss"]
[EventRounds "5"]
[EventCountry "GGB"]
[SourceTitle "BritBase"]
[Source "www.saund.co.uk"]
[SourceDate "2018.02.10"]
[SourceVersion "1"]
[SourceVersionDate "2018.02.10"]
[SourceQuality "1"]

1. e4 c5 2. Nf3 d6 3. d4 cxd4 4. Nxd4 Nf6 5. Nc3 a6 6. f3 e5 7. Nb3 Be6 8. Be3
Nbd7 9. Bd3 b5 10. O-O Be7 11. h3 O-O 12. f4 exf4 13. Bxf4 Ne5 14. Nd4 Qd7 15.
Bxe5 dxe5 16. Nf5 Bxf5 17. Rxf5 g6 18. Rf3 Rad8 19. Kh1 b4 20. Ne2 Nxe4 21. Qe1
Nc5 22. Bc4 a5 23. Qf2 Ne6 24. Rf1 Bg5 25. h4 Bh6 26. Ng3 Qd4 27. b3 Qxh4+ 28.
Kg1 Bf4 29. Bxe6 fxe6 30. Qc5 Rd5 31. Qc6 Qe7 32. Ne4 Kh8 33. g3 Bh6 34. Rxf8+
Bxf8 35. Ng5 Qc5+ 36. Qxc5 Bxc5+ 37. Kg2 Rd2+ 0-1

[Event "Gibtelecom AmatWk1 7th"]
[Site "Gibraltar"]
[Date "2009.01.30"]
[Round "4.4"]
[White "Rashleigh, Jonathan"]
[Black "Goodfellow, Russell"]
[Result "0-1"]
[WhiteElo "1584"]
[BlackElo "1688"]
[PlyCount "58"]
[EventDate "2009.01.27"]
[EventType "swiss"]
[EventRounds "5"]
[EventCountry "GGB"]
[SourceTitle "BritBase"]
[Source "www.saund.co.uk"]
[SourceDate "2018.02.10"]
[SourceVersion "1"]
[SourceVersionDate "2018.02.10"]
[SourceQuality "1"]

1. e4 c5 2. Nc3 Nc6 3. f4 g6 4. Nf3 Bg7 5. Bc4 e6 6. f5 Nge7 7. fxe6 fxe6 8. d3
d5 9. Bb3 b5 10. exd5 exd5 11. Nxb5 Qa5+ 12. Nc3 c4 13. Bd2 cxb3 14. axb3 Qb6
15. Qe2 O-O 16. Na4 Qc7 17. O-O Bg4 18. Bc3 d4 19. Be1 Rae8 20. Bg3 Qc8 21. Qe4
Bf5 22. Qh4 Nd5 23. Ng5 h6 24. Ne4 Bxe4 25. dxe4 g5 26. Rxf8+ Bxf8 27. Qh5 Nf6
28. Qg6+ Bg7 29. Rf1 Ne7 0-1

[Event "Gibtelecom AmatWk1 7th"]
[Site "Gibraltar"]
[Date "2009.01.30"]
[Round "4.6"]
[White "Viera Falcon, Cristo"]
[Black "Bishop, Geoffrey L"]
[Result "1-0"]
[WhiteElo "1750"]
[BlackElo "1616"]
[PlyCount "67"]
[EventDate "2009.01.27"]
[EventType "swiss"]
[EventRounds "5"]
[EventCountry "GGB"]
[SourceTitle "BritBase"]
[Source "www.saund.co.uk"]
[SourceDate "2018.02.10"]
[SourceVersion "1"]
[SourceVersionDate "2018.02.10"]
[SourceQuality "1"]

1. d4 Nf6 2. c4 g6 3. Nc3 Bg7 4. e4 O-O 5. f3 d6 6. Be3 e5 7. d5 Nh5 8. Qd2 f5
9. exf5 gxf5 10. Bd3 f4 11. Bf2 Bf5 12. g4 Bxd3 13. Qxd3 Nf6 14. h4 e4 15. fxe4
Nxg4 16. Bd4 Bxd4 17. Qxd4 Ne3 18. Ke2 Nc2 19. Qd3 Nxa1 20. Nf3 Na6 21. Rxa1
Qf6 22. e5 dxe5 23. Ne4 Qf5 24. Rg1+ Kh8 25. Rg5 Qf7 26. Nxe5 f3+ 27. Kd1 h6
28. Nxf7+ Rxf7 29. Qd4+ Kh7 30. Rg1 Raf8 31. Qe5 Nc5 32. Ng5+ hxg5 33. Rxg5 Rd7
34. Rg4 1-0

[Event "Gibtelecom AmatWk1 7th"]
[Site "Gibraltar"]
[Date "2009.01.30"]
[Round "4.8"]
[White "Garcia, Mario"]
[Black "Salomon, Johan"]
[Result "0-1"]
[WhiteElo "1663"]
[BlackElo "1174"]
[PlyCount "68"]
[EventDate "2009.01.27"]
[EventType "swiss"]
[EventRounds "5"]
[EventCountry "GGB"]
[SourceTitle "BritBase"]
[Source "www.saund.co.uk"]
[SourceDate "2018.02.10"]
[SourceVersion "1"]
[SourceVersionDate "2018.02.10"]
[SourceQuality "1"]

1. d4 Nf6 2. c4 e6 3. Nc3 d5 4. e3 a6 5. Bd3 dxc4 6. Bxc4 b5 7. Bd3 Bb7 8. Nf3
Nbd7 9. O-O Be7 10. a3 O-O 11. Qe2 c5 12. dxc5 Nxc5 13. Bc2 Qc7 14. b4 Ncd7 15.
Bb2 Nb6 16. Rac1 Qb8 17. Ba1 Ng4 18. Be4 Nc4 19. Bxb7 Qxb7 20. Nd4 Nf6 21. Nb1
Nd7 22. Nf3 Ndb6 23. Bd4 Rac8 24. Nbd2 Nxd2 25. Nxd2 Na4 26. Qg4 g6 27. Qe4
Qxe4 28. Nxe4 f6 29. f4 Kf7 30. g4 f5 31. Nf2 Bf6 32. Bxf6 Kxf6 33. g5+ Ke7 34.
Rfd1 Nc3 0-1

[Event "Gibtelecom AmatWk1 7th"]
[Site "Gibraltar"]
[Date "2009.01.30"]
[Round "4.9"]
[White "Smith, Paul"]
[Black "Carlsen, Ellen Oen"]
[Result "0-1"]
[WhiteElo "1600"]
[BlackElo "1748"]
[PlyCount "64"]
[EventDate "2009.01.27"]
[EventType "swiss"]
[EventRounds "5"]
[EventCountry "GGB"]
[SourceTitle "BritBase"]
[Source "www.saund.co.uk"]
[SourceDate "2018.02.10"]
[SourceVersion "1"]
[SourceVersionDate "2018.02.10"]
[SourceQuality "1"]

1. d4 Nf6 2. Nf3 g6 3. Bf4 Bg7 4. c3 d6 5. Nbd2 O-O 6. e4 h6 7. h3 Nbd7 8. Qc2
Nh5 9. Bh2 e5 10. O-O-O c5 11. d5 Qa5 12. Kb1 b5 13. Nb3 Qb6 14. Nc1 c4 15. g3
Nc5 16. Bg2 Nxe4 17. Nh4 Nc5 18. f4 exf4 19. gxf4 b4 20. cxb4 Qxb4 21. a3 Qb6
22. Rd2 c3 23. Re2 Qxb2+ 24. Qxb2 cxb2 25. Na2 Ba6 26. Rxb2 Bd3+ 27. Kc1 Bxb2+
28. Kxb2 Rab8+ 29. Kc3 Rb3+ 30. Kd4 Rxa3 31. Nb4 Rb8 32. Nxd3 Rxd3+ 0-1

[Event "Gibtelecom AmatWk1 7th"]
[Site "Gibraltar"]
[Date "2009.01.30"]
[Round "4.10"]
[White "Chidi, Lovinia Sylvia"]
[Black "Escandell Atienza, Santiago"]
[Result "1-0"]
[WhiteElo "1588"]
[BlackElo "1485"]
[PlyCount "65"]
[EventDate "2009.01.27"]
[EventType "swiss"]
[EventRounds "5"]
[EventCountry "GGB"]
[SourceTitle "BritBase"]
[Source "www.saund.co.uk"]
[SourceDate "2018.02.10"]
[SourceVersion "1"]
[SourceVersionDate "2018.02.10"]
[SourceQuality "1"]

1. d4 d5 2. c4 c6 3. e3 e6 4. Nf3 Nf6 5. Be2 Nbd7 6. c5 a5 7. O-O b6 8. cxb6
Qxb6 9. Nc3 Ba6 10. Bxa6 Qxa6 11. b3 c5 12. dxc5 Bxc5 13. a4 O-O 14. Nb5 Rfc8
15. Bb2 Ne4 16. Rc1 Nd6 17. Nfd4 Bb4 18. Nc7 Rxc7 19. Rxc7 Nc5 20. Qg4 Ne8 21.
Nb5 g6 22. Qf4 Nxc7 23. Nxc7 Qc8 24. Qf6 Kf8 25. Nxa8 Qb7 26. Qh8+ Ke7 27. Bf6+
Kd7 28. Qd8+ Kc6 29. Bd4 Nxb3 30. Qe8+ Kd6 31. Qd8+ Kc6 32. g3 Qd7 33. Qb6# 1-0

[Event "Gibtelecom AmatWk1 7th"]
[Site "Gibraltar"]
[Date "2009.01.30"]
[Round "4.11"]
[White "Cox, Marian"]
[Black "Badillo Garcia, Aztlan"]
[Result "0-1"]
[WhiteElo "1192"]
[BlackElo "1383"]
[PlyCount "60"]
[EventDate "2009.01.27"]
[EventType "swiss"]
[EventRounds "5"]
[EventCountry "GGB"]
[SourceTitle "BritBase"]
[Source "www.saund.co.uk"]
[SourceDate "2018.02.10"]
[SourceVersion "1"]
[SourceVersionDate "2018.02.10"]
[SourceQuality "1"]

1. e4 d5 2. exd5 Qxd5 3. Nc3 Qa5 4. d4 Bf5 5. Qf3 c6 6. Bd3 Bg6 7. Bd2 Nd7 8.
Nge2 e6 9. a3 Ngf6 10. Bxg6 hxg6 11. Ne4 Qb6 12. Nxf6+ Nxf6 13. O-O-O Qa6 14.
Kb1 b5 15. Nc1 Nd5 16. Na2 Qb6 17. c3 a5 18. Be1 Be7 19. g3 f6 20. Qe4 Kf7 21.
f4 f5 22. Qd3 Rhb8 23. Rf1 Rb7 24. Kc2 c5 25. Bf2 c4 26. Qd2 b4 27. cxb4 axb4
28. Nxb4 Bxb4 29. axb4 Nxb4+ 30. Kc3 Na2+ 0-1

[Event "Gibtelecom AmatWk1 7th"]
[Site "Gibraltar"]
[Date "2009.01.30"]
[Round "4.12"]
[White "Jones, Sidney A"]
[Black "Socko, Weronika"]
[Result "0-1"]
[WhiteElo "1280"]
[BlackElo "1600"]
[PlyCount "60"]
[EventDate "2009.01.27"]
[EventType "swiss"]
[EventRounds "5"]
[EventCountry "GGB"]
[SourceTitle "BritBase"]
[Source "www.saund.co.uk"]
[SourceDate "2018.02.10"]
[SourceVersion "1"]
[SourceVersionDate "2018.02.10"]
[SourceQuality "1"]

1. Nf3 d5 2. d4 Nc6 3. c4 dxc4 4. Nc3 Nf6 5. e4 Bg4 6. Be3 e5 7. Be2 Bxf3 8.
Qa4 Bxe2 9. Kxe2 exd4 10. Bxd4 Qxd4 11. Rad1 Qc5 12. Qb5 Qxb5 13. Nxb5 Rc8 14.
f3 Bc5 15. a3 O-O 16. Rd2 a6 17. Nc3 Nd4+ 18. Kd1 Rcd8 19. h4 Nb3 20. Rxd8
Rxd8+ 21. Kc2 Nd4+ 22. Kb1 Nh5 23. Rd1 Ng3 24. Nd5 c6 25. Nc3 Ne6 26. Rxd8+
Nxd8 27. Kc2 Bd4 28. b4 Bxc3 29. Kxc3 b5 30. Kd4 Ne2+ 0-1

[Event "Gibtelecom AmatWk1 7th"]
[Site "Gibraltar"]
[Date "2009.01.30"]
[Round "4.13"]
[White "Randall, David C"]
[Black "Bath, Tom"]
[Result "1-0"]
[WhiteElo "1576"]
[BlackElo "1192"]
[PlyCount "79"]
[EventDate "2009.01.27"]
[EventType "swiss"]
[EventRounds "5"]
[EventCountry "GGB"]
[SourceTitle "BritBase"]
[Source "www.saund.co.uk"]
[SourceDate "2018.02.10"]
[SourceVersion "1"]
[SourceVersionDate "2018.02.10"]
[SourceQuality "1"]

1. e4 c5 2. Nc3 d6 3. g3 Nf6 4. Bg2 e5 5. h3 Be7 6. d3 Be6 7. Be3 Nbd7 8. f4
Nb6 9. fxe5 dxe5 10. Nf3 Qc8 11. Ne2 Qc7 12. b3 Rd8 13. Qc1 O-O 14. O-O Qc8 15.
Rf2 Kh8 16. Nxe5 Bd6 17. Nf3 Nh5 18. e5 Bc7 19. g4 Nf6 20. exf6 gxf6 21. Nf4
Bd6 22. Kh1 Bxf4 23. Bxf4 Rg8 24. Qb2 Nd5 25. Ng5 Nxf4 26. Qxf6+ Rg7 27. Rxf4
Kg8 28. Nxe6 fxe6 29. Re1 Rg6 30. Qf7+ Kh8 31. Qxb7 Qxb7 32. Bxb7 Rd6 33. Re5
Rh6 34. Kg2 Rb6 35. Bf3 Ra6 36. a4 Ra5 37. g5 Rg6 38. Rf6 Ra6 39. Rxg6 hxg6 40.
Bg4 1-0

[Event "Gibtelecom AmatWk1 7th"]
[Site "Gibraltar"]
[Date "2009.01.30"]
[Round "4.14"]
[White "Poggio, Freddie"]
[Black "McLeod, Paul"]
[Result "0-1"]
[WhiteElo "1544"]
[BlackElo "1200"]
[PlyCount "104"]
[EventDate "2009.01.27"]
[EventType "swiss"]
[EventRounds "5"]
[EventCountry "GGB"]
[SourceTitle "BritBase"]
[Source "www.saund.co.uk"]
[SourceDate "2018.02.10"]
[SourceVersion "1"]
[SourceVersionDate "2018.02.10"]
[SourceQuality "1"]

1. Nf3 Nf6 2. d4 d5 3. c4 c6 4. Nc3 e6 5. Bg5 Bb4 6. a3 Bxc3+ 7. bxc3 Nbd7 8.
cxd5 cxd5 9. e3 Qc7 10. Qc2 Ne4 11. Rc1 O-O 12. Bd3 f5 13. Bf4 Qa5 14. Qb3 Ndf6
15. Ne5 Nh5 16. h4 Nxf4 17. exf4 Qc7 18. f3 Ng3 19. Rh3 Nh5 20. g3 Re8 21. Kf2
a6 22. Ke3 Bd7 23. g4 Nf6 24. h5 h6 25. g5 hxg5 26. fxg5 Nh7 27. f4 Bc6 28.
Rch1 Qd8 29. g6 Ng5 30. h6 Qf6 31. h7+ Kh8 32. Rg3 Qe7 33. Rxg5 Rf8 34. Qb4 Qf6
35. Qb6 Qe7 36. Qb4 Qf6 37. Rb1 Rac8 38. Qb6 Bb5 39. Bxb5 Qe7 40. Rb3 axb5 41.
Qxb5 Rc7 42. a4 Rf6 43. a5 Rf8 44. a6 bxa6 45. Qxa6 Qf6 46. Kd3 Qd8 47. Rb7 Qc8
48. Nf7+ Rfxf7 49. gxf7 Rxc3+ 50. Ke2 Rc2+ 51. Ke3 Qc3+ 52. Qd3 Qe1+ 0-1

[Event "Gibtelecom AmatWk1 7th"]
[Site "Gibraltar"]
[Date "2009.01.30"]
[Round "4.15"]
[White "Apps, Ian"]
[Black "McGladdery, David G"]
[Result "0-1"]
[WhiteElo "1064"]
[BlackElo "1512"]
[PlyCount "98"]
[EventDate "2009.01.27"]
[EventType "swiss"]
[EventRounds "5"]
[EventCountry "GGB"]
[SourceTitle "BritBase"]
[Source "www.saund.co.uk"]
[SourceDate "2018.02.10"]
[SourceVersion "1"]
[SourceVersionDate "2018.02.10"]
[SourceQuality "1"]

1. d4 c6 2. e3 d5 3. Bd3 Nf6 4. Nd2 e6 5. f4 c5 6. c3 Nc6 7. Ngf3 Be7 8. O-O
O-O 9. Ne5 Nd7 10. Qc2 f5 11. Rf3 cxd4 12. exd4 Nf6 13. Nf1 Nxe5 14. fxe5 Ne4
15. Rh3 Bg5 16. c4 Bd7 17. Rh5 Be8 18. Rh3 Rc8 19. b3 dxc4 20. Bxe4 Qxd4+ 21.
Qf2 Qxf2+ 22. Kxf2 fxe4+ 23. Kg1 Be7 24. Rc3 b5 25. a4 bxa4 26. bxa4 Bb4 27.
Rc2 Bg6 28. Ne3 Bc5 29. Kh1 Bxe3 30. Bxe3 Rc7 31. Rac1 Rfc8 32. a5 a6 33. Rb1
Be8 34. Rb6 Rc6 35. h4 Bh5 36. Kh2 c3 37. Bd4 Bd1 38. Rxc6 Rxc6 39. Rxc3 Rxc3
40. Bxc3 e3 41. Kg3 Kf7 42. Kf4 e2 43. Ke4 Ke7 44. Kd4 Kd7 45. Kc5 Kc7 46. Kd4
Ba4 47. Kc5 Bc6 48. g3 Bd5 49. Kd4 Kc6 {illegible} 0-1

[Event "Gibtelecom AmatWk1 7th"]
[Site "Gibraltar"]
[Date "2009.01.30"]
[Round "4.16"]
[White "Coats, Jon R"]
[Black "Feeney, James"]
[Result "1-0"]
[WhiteElo "1456"]
[BlackElo "1080"]
[PlyCount "69"]
[EventDate "2009.01.27"]
[EventType "swiss"]
[EventRounds "5"]
[EventCountry "GGB"]
[SourceTitle "BritBase"]
[Source "www.saund.co.uk"]
[SourceDate "2018.02.10"]
[SourceVersion "1"]
[SourceVersionDate "2018.02.10"]
[SourceQuality "1"]

1. Nf3 Nf6 2. c4 g6 3. Nc3 Bg7 4. d4 O-O 5. e4 d6 6. Be2 c5 7. d5 Nbd7 8. O-O
e6 9. Bg5 h6 10. Bd2 e5 11. Qc1 Nh5 12. Bxh6 f5 13. Bxg7 Kxg7 14. Ng5 Ndf6 15.
exf5 Bxf5 16. Bf3 Nf4 17. Qd1 Nh7 18. Nxh7 Kxh7 19. Ne4 Bxe4 20. Bxe4 Qg5 21.
Kh1 Nh5 22. Rc1 Rf7 23. Rc3 Rf4 24. Qe2 Raf8 25. Rh3 Kg7 26. Bf3 Rh4 27. Rxh4
Qxh4 28. g3 Qg5 29. Bxh5 gxh5 30. h4 Qf5 31. Kg2 e4 32. f3 exf3+ 33. Rxf3 Qg6
34. Qe7+ Kg8 35. Rxf8# 1-0

[Event "Gibtelecom AmatWk1 7th"]
[Site "Gibraltar"]
[Date "2009.01.30"]
[Round "4.17"]
[White "Correa Vargas, Luis"]
[Black "Haddock, Paul"]
[Result "0-1"]
[WhiteElo "1192"]
[BlackElo "1416"]
[PlyCount "92"]
[EventDate "2009.01.27"]
[EventType "swiss"]
[EventRounds "5"]
[EventCountry "GGB"]
[SourceTitle "BritBase"]
[Source "www.saund.co.uk"]
[SourceDate "2018.02.10"]
[SourceVersion "1"]
[SourceVersionDate "2018.02.10"]
[SourceQuality "1"]

1. e4 c5 2. Nf3 d6 3. d4 cxd4 4. Nxd4 Nf6 5. Nc3 g6 6. Bc4 Bg7 7. Bg5 O-O 8.
Bxf6 Bxf6 9. h4 Qb6 10. Nb3 h5 11. Nd5 Qd8 12. Nxf6+ exf6 13. Be2 Qb6 14. c3
Nc6 15. g4 hxg4 16. Bxg4 Ne5 17. Bxc8 Rfxc8 18. h5 a5 19. f4 Qe3+ 20. Qe2 Qg3+
21. Kd1 Qxf4 22. Rf1 Qg5 23. hxg6 fxg6 24. Qf2 Qg4+ 25. Kc2 Qxe4+ 26. Kd1 Rf8
27. Nd2 Qg4+ 28. Kc2 a4 29. Rh1 Qf5+ 30. Qxf5 gxf5 31. Raf1 d5 32. Rxf5 Nc4 33.
Nxc4 dxc4 34. Rd1 Kf7 35. Rdd5 Ke6 36. Rc5 Rac8 37. Rxc8 Rxc8 38. Ra5 Rd8 39.
Rxa4 b5 40. Rb4 Rd5 41. a4 bxa4 42. Rxa4 Rc5 43. b4 cxb3+ 44. Kxb3 Kd5 45. c4+
Kd4 46. Kb4 Rxc4+ 0-1

[Event "Gibtelecom AmatWk1 7th"]
[Site "Gibraltar"]
[Date "2009.01.30"]
[Round "4.19"]
[White "Benson, Nicola"]
[Black "Stoop, Michael"]
[Result "0-1"]
[WhiteElo "813"]
[BlackElo "1080"]
[PlyCount "94"]
[EventDate "2009.01.27"]
[EventType "swiss"]
[EventRounds "5"]
[EventCountry "GGB"]
[SourceTitle "BritBase"]
[Source "www.saund.co.uk"]
[SourceDate "2018.02.10"]
[SourceVersion "1"]
[SourceVersionDate "2018.02.10"]
[SourceQuality "1"]

1. d4 Nf6 2. Nf3 d5 3. e3 e6 4. Bd3 c5 5. b3 Nc6 6. Bb2 Bd6 7. Nbd2 O-O 8. O-O
Qc7 9. Rc1 Nb4 10. Be2 Nxa2 11. Ra1 Nb4 12. Ne5 cxd4 13. exd4 Qxc2 14. Qxc2
Nxc2 15. Rac1 Nb4 16. f4 b6 17. Rc3 Ba6 18. Bxa6 Nxa6 19. Rh3 Rac8 20. Ndf3 Rc2
21. Bc1 Rfc8 22. Be3 R8c3 23. Ng5 Bxe5 24. fxe5 h6 25. exf6 hxg5 26. fxg7 Kxg7
27. Rff3 Rxb3 28. Bxg5 Rb1+ 29. Rf1 Rxf1+ 30. Kxf1 Nb4 31. Rg3 Kf8 32. Bh6+ Ke8
33. Rg7 Nc6 34. Rg8+ Kd7 35. Bg5 b5 36. h4 b4 37. Rg7 b3 38. Rxf7+ Ke8 39. Rb7
b2 40. h5 Rc1+ 41. Kf2 b1=Q 42. Rxb1 Rxb1 43. g4 Kf7 44. Bh4 Nxd4 45. g5 Nf5
46. g6+ Kg7 47. Bg5 Rh1 0-1

[Event "Gibtelecom AmatWk1 7th"]
[Site "Gibraltar"]
[Date "2009.01.30"]
[Round "5.1"]
[White "Flanagan, Samuel"]
[Black "Wright, Jonathan"]
[Result "1-0"]
[WhiteElo "1650"]
[BlackElo "1696"]
[PlyCount "66"]
[EventDate "2009.01.27"]
[EventType "swiss"]
[EventRounds "5"]
[EventCountry "GGB"]
[SourceTitle "BritBase"]
[Source "www.saund.co.uk"]
[SourceDate "2018.02.10"]
[SourceVersion "1"]
[SourceVersionDate "2018.02.10"]
[SourceQuality "1"]

1. e4 c6 2. d4 d5 3. exd5 cxd5 4. c4 Nf6 5. Nc3 e6 6. Nf3 Be7 7. cxd5 Nxd5 8.
Bd3 O-O 9. O-O Nc6 10. a3 a6 11. Qc2 h6 12. Rd1 Bd7 13. Nxd5 exd5 14. h3 b5 15.
b4 Rc8 16. Qb3 Be6 17. Be3 Qd6 18. Rac1 f5 19. Bd2 Bf6 20. Bc3 Bg5 21. Rc2 Bf4
22. Re2 g5 23. Rde1 Bd7 24. Bb1 Nd8 25. Ba2 Kh8 26. Ne5 Bxe5 27. dxe5 Qe6 28.
Bd4 f4 29. Qxd5 f3 30. Qxe6 Bxe6 31. Rd2 fxg2 32. Kxg2 Rf4 33. Be3 Rh4 1-0